Welcome to the Holygrace Academy Library

Please use search bar below to get started

THE GOOD EARTH (Record no. 7193)

MARC details
000 -LEADER
fixed length control field 00288nam a22001337a 4500
020 ## - INTERNATIONAL STANDARD BOOK NUMBER
ISBN 978-93-5282-876-0
082 ## - DEWEY DECIMAL CLASSIFICATION NUMBER
Classification number 894.812.3
Item number EAR/B
100 ## - MAIN ENTRY--AUTHOR NAME
Personal name BUCK, PEARL. S
245 ## - TITLE STATEMENT
Title THE GOOD EARTH
260 ## - PUBLICATION, DISTRIBUTION, ETC. (IMPRINT)
Place of publication KOTTAYAM
Name of publisher DC BOOKS
300 ## - PHYSICAL DESCRIPTION
Number of Pages 287
650 ## - SUBJECT ADDED ENTRY--TOPICAL TERM
Topical Term MALAYALAM NOVEL
942 ## - ADDED ENTRY ELEMENTS (KOHA)
Koha item type Books
Holdings
Withdrawn status Lost status Collection code Home library Current library Shelving location Date acquired Source of acquisition Cost, normal purchase price Full call number Accession Number Koha item type
    Fiction Main Library Main Library NEW SHELF WITH NEW ENTRY 26/10/2023 PURCHASE 330.00 894.812.3 EAR/B 13098 Books